000 00714nam a2200193 a 4500
001 000026053
005 20200930024249.0
008 110228s2006 pe d 000 0 spa d
020 _a9684182163
040 _aDO-SdBNP
_bspa
_cBNPHU
082 _aR 463.1
_bG648d
245 0 0 _aGran diccionario de sinónimos y antónimos time life /
_cBettina Cositorto, directora editorial.
260 _aMéxico :
_bEdiciones Culturales Internacionales,
_c2006.
300 _a608 p. ;
_c27 cm.
_ecd rom
500 _aLa biblioteca posee la 3a. reimpresión del 2008
650 4 _aEspañol-
_xSinonimos y antonimos -
_xDiccionarios
_937334
700 1 2 _aCositorto, Bettina,
_eed.
_952995
910 _aValidado. Control de calidad MFF
999 _c25545
_d25545